000 00454nam a2200121Ia 4500
008 220615s9999||||xx |||||||||||||| ||und||
100 _aIgor Koncar
245 0 _aAbdominal Aortic Aneurysm - From Basic Research to Clinical Practice
546 _aEnglish[eng]
650 _aMedicine||Surgery||Vascular Surgery||Health Sciences
856 _uhttps://www.intechopen.com/books/abdominal-aortic-aneurysm-from-basic-research-to-clinical-practice
942 _cEB
999 _c13395
_d13395